Kreisfreie Städte Deutschlands - Statistiken

Allgemein
  • Dieses Quiz wurde 1.084 mal gespielt
    555 seit der letzten Aktualisierung
  • Das Durchschnittsergebnis liegt bei 78 aus 106
Antwortstatistiken
Einwohner Bundesland Kreisfreie Stadt % Korrekt
3.644.826 Berlin Berlin
94%
569.352 Bremen Bremen
93%
554.649 Sachsen Dresden
92%
753.056 Hessen Frankfurt am Main
92%
57.873 Brandenburg Frankfurt (Oder)
92%
1.841.179 Hamburg Hamburg
92%
247.548 Schleswig-Holstein Kiel
92%
1.471.508 Bayern München
92%
113.634 Bremen Bremerhaven
91%
587.857 Sachsen Leipzig
91%
238.697 Sachsen-Anhalt Magdeburg
91%
634.830 Baden-Württemberg Stuttgart
91%
518.365 Bayern Nürnberg
90%
208.886 Mecklenburg-Vorpommern Rostock
90%
213.699 Thüringen Erfurt
89%
1.085.664 Nordrhein-Westfalen Köln
89%
178.089 Brandenburg Potsdam
89%
247.237 Sachsen Chemnitz
88%
587.010 Nordrhein-Westfalen Dortmund
88%
619.294 Nordrhein-Westfalen Düsseldorf
88%
111.407 Thüringen Jena
88%
217.118 Rheinland-Pfalz Mainz
88%
95.818 Mecklenburg-Vorpommern Schwerin
88%
295.135 Bayern Augsburg
87%
89.504 Schleswig-Holstein Flensburg
87%
230.241 Baden-Württemberg Freiburg im Breisgau
86%
217.198 Schleswig-Holstein Lübeck
86%
124.151 Niedersachsen Wolfsburg
86%
239.257 Sachsen-Anhalt Halle (Saale)
85%
201.585 Hessen Kassel
85%
309.370 Baden-Württemberg Mannheim
85%
152.610 Bayern Regensburg
85%
94.152 Thüringen Gera
84%
313.092 Baden-Württemberg Karlsruhe
84%
110.636 Rheinland-Pfalz Trier
84%
126.329 Baden-Württemberg Ulm
84%
278.342 Hessen Wiesbaden
84%
333.786 Nordrhein-Westfalen Bielefeld
83%
327.258 Nordrhein-Westfalen Bonn
83%
498.590 Nordrhein-Westfalen Duisburg
83%
127.748 Bayern Fürth
83%
164.748 Niedersachsen Osnabrück
83%
260.654 Nordrhein-Westfalen Gelsenkirchen
82%
136.981 Bayern Ingolstadt
82%
100.219 Brandenburg Cottbus
81%
583.109 Nordrhein-Westfalen Essen
81%
114.024 Rheinland-Pfalz Koblenz
81%
168.210 Niedersachsen Oldenburg
81%
127.880 Bayern Würzburg
81%
248.292 Niedersachsen Braunschweig
80%
364.628 Nordrhein-Westfalen Bochum
79%
72.124 Brandenburg Brandenburg an der Havel
79%
159.207 Hessen Darmstadt
79%
99.845 Rheinland-Pfalz Kaiserslautern
79%
128.744 Hessen Offenbach am Main
79%
160.355 Baden-Württemberg Heidelberg
78%
354.382 Nordrhein-Westfalen Wuppertal
78%
314.319 Nordrhein-Westfalen Münster
77%
163.838 Nordrhein-Westfalen Leverkusen
76%
77.592 Bayern Bamberg
75%
70.527 Bayern Aschaffenburg
74%
171.061 Rheinland-Pfalz Ludwigshafen am Rhein
74%
261.454 Nordrhein-Westfalen Mönchengladbach
74%
52.469 Bayern Passau
74%
74.657 Bayern Bayreuth
73%
111.962 Bayern Erlangen
73%
210.829 Nordrhein-Westfalen Oberhausen
73%
65.090 Thüringen Weimar
73%
179.111 Nordrhein-Westfalen Hamm
71%
125.960 Baden-Württemberg Heilbronn
69%
104.948 Niedersachsen Salzgitter
69%
83.330 Rheinland-Pfalz Worms
69%
81.237 Sachsen-Anhalt Dessau-Roßlau
67%
227.020 Nordrhein-Westfalen Krefeld
67%
63.324 Bayern Rosenheim
67%
188.814 Nordrhein-Westfalen Hagen
66%
156.374 Nordrhein-Westfalen Herne
66%
159.360 Nordrhein-Westfalen Solingen
66%
125.542 Baden-Württemberg Pforzheim
65%
55.123 Baden-Württemberg Baden-Baden
63%
45.930 Bayern Hof
62%
68.907 Bayern Kempten (Allgäu)
62%
79.487 Schleswig-Holstein Neumünster
62%
117.383 Nordrhein-Westfalen Bottrop
60%
50.195 Niedersachsen Emden
60%
170.880 Nordrhein-Westfalen Mülheim an der Ruhr
59%
72.404 Bayern Landshut
58%
41.249 Bayern Coburg
57%
110.994 Nordrhein-Westfalen Remscheid
57%
54.032 Bayern Schweinfurt
57%
41.847 Bayern Ansbach
56%
50.378 Rheinland-Pfalz Speyer
56%
76.278 Niedersachsen Wilhelmshaven
55%
41.970 Bayern Amberg
51%
43.837 Bayern Memmingen
51%
53.148 Rheinland-Pfalz Neustadt an der Weinstraße
51%
34.209 Rheinland-Pfalz Zweibrücken
50%
36.955 Thüringen Suhl
48%
46.677 Rheinland-Pfalz Landau in der Pfalz
45%
40.403 Rheinland-Pfalz Pirmasens
43%
77.607 Niedersachsen Delmenhorst
41%
47.794 Bayern Straubing
38%
42.520 Bayern Weiden in der Oberpfalz
38%
43.893 Bayern Kaufbeuren
36%
40.792 Bayern Schwabach
33%
48.561 Rheinland-Pfalz Frankenthal (Pfalz)
32%
Keine übereinstimmenden Quizze gefunden
Verteilung der Resultate
Anzahl Personen mit jedem Resultat
Perzentil nach korrekt beantworteten Fragen
Ihre Resultats-Entwicklung
Sie haben dieses Quiz seit der letzten Aktualisierung nicht gespielt